00573nam a2200205Ia 4500003000400000005001700004008004100021020001500062040001800077041000800095082002000103100002200123245005900145250001200204260004600216300002700262650001900289650002500308650003400333OSt20230714142620.0210716s2006 xx 000 0 und d a8130902419 cAIMIT LIBRARY aeng a338.9 22bJONC aJones, Charles I. aIntroduction to economic growth /cBy Charles I Jones. a2nd ed. aNew York :bW.W Norton & company ,c2006. axiv,237p. ;bPBc23 cm aThe slow model aThe engine of growth aUnderstanding economic growth